000 00823nam a2200205 a 4500
003 0
005 20250331095232.0
008 050809s19uu xx 00 eng d
050 _aPGS LB 1139.5.N8
_b.Ar683 2005
100 _aArevalo, Juan Miguel A.
245 _aEating habits and its effects on academic performance of grade 6 students /
_cJuan Miguel A. Arevalo.
260 _aLas PiƱas City, Philippines :
_bSouthville International School and Colleges,
_c2005.
300 _a28 pages :
_billustrations ;
_c28 cm.
504 _aIncludes bibliographical references.
650 _aDiet and academic performance.
650 _aChildren
_vFood consumption
_vSchool performance.
650 _aSchool children
_vHealth and nutrition.
650 _aNutritional status
_vEffects on learning.
942 _2lcc
_cPASS
999 _c97339
_d97339